000 01418nam a2200361 c 4500
003 BLK
005 20220930124408.0
008 180412b bul|||||r ||||||| ||bul||
010 _aKNG00009065000
020 _a954-668-010-9
_bиздат.: Ланс
040 _aBLK
041 _aBUL
_cBUL
080 _aИстория на балканските държави
_b94(497)
_x
_z94(497)
080 _aНационални малцинства. Оптанти
_b323.15
_x(497)
_z323.15(497)
100 1 _aМанчев, Кръстьо Геров
_eпърви автор
_9252857
139 _aМанчев, Кръстьо Геров
_bМ 28
245 1 0 _aНационалният въпрос на Балканите
_cКръстьо Геров Манчев.
257 _aBGR
260 София
_bЛанс
_c1995
_fХасково : Полиграфюг
300 _a400 с.
_c20 см
380 _a9
500 _a1 000 тир.
650 4 _aНационален въпрос - балкански страни
_9252858
650 4 _aНационализъм - балкански страни
_9252859
650 4 _aБалкански държави - история
_9250143
653 _aБалканите
653 _aнационализъм
852 _aЦб 184278
856 4 _qpdf
_u
856 4 _qpdf
_u
942 _cKNG
_n0
_01
944 _aCR
_c15.01.2003
_kКети_Илиева
944 _aED
_c26.08.2015
_kГеновева_Генчева
999 _c7741
_d7741